000 00432nam a2200133Ia 4500
008 220217s9999 xx 000 0 und d
245 0 _aTesting of rubber and elastomers. Thin layer chromatographic analysis: Detection of vulcanizing agents
260 _c1982
500 _aStandard number: DIN 53 622 Part 3
650 _aElastomers
650 _aThin layer chromatographic analysis
650 _aVulcanizing agents
942 _cST
999 _c73384
_d73384